000 00989cam a2200241 a 4500
001 12361626
005 20250324130809.0
008 010328s2001 enka b 001 0 eng
020 _a0333945484 (cloth)
050 0 0 _aHD2746.5
_b.H83 2001
082 0 0 _a658.1/6
_221
100 1 _aHubbard, Nancy,
_d1963-
245 1 0 _aAcquisition strategy and implementation /
_cNancy Hubbard.
250 _aRev. ed.
260 _aHoundmills, Basingstoke, Hampshire ;
_aNew York :
_bPalgrave,
_c2001.
300 _avi, 304 p. :
_bill. ;
_c24 cm.
650 0 _aConsolidation and merger of corporations.
650 0 _aConsolidation and merger of corporations
_zGreat Britain
_xCase studies.
856 4 2 _3Contributor biographical information
_uhttp://www.loc.gov/catdir/bios/hol055/2001033119.html
856 4 2 _3Publisher description
_uhttp://www.loc.gov/catdir/description/hol052/2001033119.html
856 4 1 _3Table of contents
_uhttp://www.loc.gov/catdir/toc/hol051/2001033119.html
942 _2lcc
_cBK
_n0
999 _c5144
_d5144